[Event "Berlin Lieb Memorial 5th"]
[Site "Berlin"]
[Date "2019.06.07"]
[Round "5"]
[White "Krusemark, Gerhard"]
[Black "Olschewsky, Roman"]
[Result "1-0"]
[WhiteElo "1779"]
[BlackElo "1664"]
[PlyCount "57"]
[EventDate "2019.05.03"]
[EventType "swiss"]
[EventRounds "7"]
[EventCountry "GER"]
[SourceTitle "EXT 2020"]
[Source "ChessBase"]
[SourceDate "2019.10.17"]
[SourceVersion "1"]
[SourceVersionDate "2019.10.17"]
[SourceQuality "1"]

1. e4 d6 2. d4 Nf6 3. Nc3 e6 4. Nf3 b6 5. Bd3 Bb7 6. h3 Be7 7. Be3 Nbd7 8. Qe2 0-0 9. 0-0-0 Re8 10. g4 g6 11. Rhg1 Kh8 12. h4 c5 13. dxc5 bxc5 14. h5 Nf8 15. Ng5 N6d7 16. Nxf7+ Kg7 17. Nxd8 Rexd8 18. hxg6 Nxg6 19. f4 Bf6 20. e5 dxe5 21. f5 Nf4 22. Bxf4 exf4 23. fxe6 Ne5 24. Be4 f3 25. Qh2 Bxe4 26. Nxe4 Rh8 27. g5 Nd3+ 28. Rxd3 Bd4 29. Qh6+ 1-0

[Event "Berlin Lieb Memorial 5th"]
[Site "Berlin"]
[Date "2019.05.17"]
[Round "3"]
[White "Doering, Martin"]
[Black "Olschewsky, Roman"]
[Result "1-0"]
[WhiteElo "1818"]
[BlackElo "1664"]
[PlyCount "155"]
[EventDate "2019.05.03"]
[EventType "swiss"]
[EventRounds "7"]
[EventCountry "GER"]
[SourceTitle "EXT 2020"]
[Source "ChessBase"]
[SourceDate "2019.10.17"]
[SourceVersion "1"]
[SourceVersionDate "2019.10.17"]
[SourceQuality "1"]

1. e4 d6 2. d4 Nf6 3. Nc3 b6 4. Bb5+ c6 5. Bd3 Bg4 6. f3 Bc8 7. Nge2 Ba6 8. Be3 Bxd3 9. Qxd3 g6 10. g4 Bg7 11. Ng3 b5 12. Nce2 Qd7 13. g5 Ng8 14. h4 Na6 15. c3 0-0-0 16. a4 Qb7 17. axb5 cxb5 18. Kf2 e5 19. Rhc1 Ne7 20. Ra5 Nc7 21. c4 Nc6 22. Rxb5 Qa6 23. d5 Nd4 24. Nxd4 exd4 25. Bxd4 Bxd4+ 26. Qxd4 Kd7 27. Rb3 Rb8 28. Ra3 Qb6 29. Qxb6 Rxb6 30. Rc2 Rhb8 31. Rxa7 Rxb2 32. Ra2 Rxc2+ 33. Rxc2 Na6 34. Nf1 Nc5 35. Rc3 Rb2+ 36. Kg3 Rb1 37. Ne3 Rg1+ 38. Kh2 Re1 39. Ng4 Ke7 40. Ra3 Rc1 41. e5 Rxc4 42. exd6+ Kxd6 43. Ra8 Rc2+ 44. Kg3 Rc1 45. Rh8 Rg1+ 46. Kh2 Rf1 47. Kg2 Rd1 48. Nf6 Nd7 49. Rxh7 Ne5 50. Ne4+ Kd7 51. f4 Nd3 52. Rxf7+ Kd8 53. Rf6 Ne1+ 54. Kf2 Nc2 55. Rxg6 Rh1 56. Rh6 Nd4 57. Ng3 Rh2+ 58. Ke3 Nc2+ 59. Ke4 Rh3 60. Nf5 Rh1 61. Ke5 Re1+ 62. Kf6 Nb4 63. Kf7 Kc7 64. d6+ Kd7 65. g6 Nc6 66. Kg7 Nd8 67. Rh5 Ne6+ 68. Kf6 Nxf4 69. Rh7+ Kc6 70. Rc7+ Kd5 71. d7 Ne6 72. Rc8 Ke4 73. Kxe6 Kf4+ 74. Kf6 Kg4 75. d8Q Rf1 76. Rc4+ Kh3 77. Qd3+ Kg2 78. Rc2+ 1-0

[Event "Berlin Lieb Memorial 5th"]
[Site "Berlin"]
[Date "2019.05.03"]
[Round "1"]
[White "Boettcher, Patrick"]
[Black "Olschewsky, Roman"]
[Result "1-0"]
[WhiteElo "2107"]
[BlackElo "1664"]
[PlyCount "69"]
[EventDate "2019.05.03"]
[EventType "swiss"]
[EventRounds "7"]
[EventCountry "GER"]
[SourceTitle "EXT 2020"]
[Source "ChessBase"]
[SourceDate "2019.10.17"]
[SourceVersion "1"]
[SourceVersionDate "2019.10.17"]
[SourceQuality "1"]

1. e4 d6 2. d4 Nf6 3. Nc3 b6 4. Bd3 Bb7 5. Nf3 e6 6. h3 Be7 7. 0-0 Nbd7 8. Qe2 a6 9. a4 Qc8 10. Re1 h6 11. Bd2 c5 12. e5 Nd5 13. exd6 Bxd6 14. Ne4 Be7 15. c4 N5f6 16. d5 Nxe4 17. Bxe4 Nf6 18. Bf5 Nxd5 19. cxd5 Bxd5 20. Be4 Bxe4 21. Qxe4 0-0 22. Qg4 Bf6 23. Bxh6 Qc7 24. Bf4 Qb7 25. Be5 Qe7 26. Ra3 Bxe5 27. Nxe5 Rac8 28. Rg3 f5 29. Qh5 Qe8 30. Ng6 Rf6 31. Qh8+ Kf7 32. Ne5+ Ke7 33. Rxg7+ Kd6 34. Qxe8 Rxe8 35. Rd7# 1-0

[Event "Berlin Lieb Memorial 4th"]
[Site "Berlin"]
[Date "2018.06.28"]
[Round "6"]
[White "Olschewsky, Roman"]
[Black "Baesecke, Helmut"]
[Result "1/2-1/2"]
[WhiteElo "1683"]
[BlackElo "1694"]
[PlyCount "95"]
[EventDate "2018.05.17"]
[EventType "swiss"]
[EventRounds "7"]
[EventCountry "GER"]
[SourceTitle "CBM 189 Extra"]
[Source "ChessBase"]
[SourceDate "2019.06.03"]
[SourceVersion "1"]
[SourceVersionDate "2019.06.03"]
[SourceQuality "1"]

1. c4 e6 2. d3 g6 3. g3 Bg7 4. Bg2 Nf6 5. Nc3 0-0 6. Nf3 d5 7. cxd5 exd5 8. d4 c6 9. 0-0 Re8 10. h3 Be6 11. Be3 Nbd7 12. Ng5 Nf8 13. Nxe6 Nxe6 14. Qc1 Nd7 15. Rd1 Nb6 16. b3 Nc8 17. Rb1 Nd6 18. g4 f5 19. f3 Qf6 20. g5 Qe7 21. f4 Nxg5 22. Bf2 Nge4 23. Nxe4 Nxe4 24. Bxe4 Qxe4 25. e3 Bf8 26. b4 a6 27. a3 Qf3 28. h4 Qg4+ 29. Kh2 Qe2 30. Rb2 Qf3 31. Rg1 a5 32. Rg3 Qe4 33. h5 Re6 34. Qg1 Kf7 35. bxa5 Ra7 36. hxg6+ Rxg6 37. a4 Ba3 38. Rb1 Qc2 39. Rxg6 hxg6 40. Kg3 Be7 41. Qh1 Kg7 42. a6 bxa6 43. Rb8 Qe2 44. Qh8+ Kf7 45. Qe8+ Kg7 46. Qh8+ Kf7 47. Qe8+ Kg7 48. Qh8+ 1/2-1/2

[Event "Berlin-ch Seniors op 34th"]
[Site "Berlin"]
[Date "2018.01.31"]
[Round "2"]
[White "Rollwitz, Inge"]
[Black "Olschewsky, Roman"]
[Result "0-1"]
[WhiteElo "1368"]
[BlackElo "1700"]
[PlyCount "124"]
[EventDate "2018.01.30"]
[EventType "swiss"]
[EventRounds "9"]
[EventCountry "GER"]
[SourceTitle "EXT 2020"]
[Source "ChessBase"]
[SourceDate "2019.10.17"]
[SourceVersion "1"]
[SourceVersionDate "2019.10.17"]
[SourceQuality "1"]

1. e4 d6 2. d4 Nf6 3. Nc3 b6 4. Bd3 Bb7 5. f3 Nbd7 6. Nh3 e5 7. d5 Nc5 8. Nf2 a6 9. 0-0 Be7 10. Be3 Ncd7 11. Be2 Nf8 12. Nd3 Ng6 13. Nb4 0-0 14. g3 Nh5 15. Nc6 Bxc6 16. dxc6 Nf6 17. Nd5 Nxd5 18. exd5 f5 19. Bd3 Nh8 20. Qd2 a5 21. a4 h6 22. h4 Qe8 23. Be2 Qf7 24. c4 f4 25. Bf2 fxg3 26. Bxg3 Ng6 27. Bd3 Nxh4 28. Bxh4 Bxh4 29. Qg2 Bg5 30. Rae1 Qh5 31. Qg4 Qxg4+ 32. fxg4 Rf4 33. Rxf4 Bxf4 34. Bf5 Kf7 35. Kg2 Kf6 36. Kf3 Rh8 37. Rh1 g6 38. Be6 Kg5 39. b3 Rf8 40. Rf1 Bd2+ 41. Kg2 Rxf1 42. Kxf1 Kf4 43. Kg2 e4 44. Kf2 Be3+ 45. Ke2 Bd4 46. Bd7 h5 47. gxh5 gxh5 48. Be8 h4 49. Bd7 Bc5 50. Bh3 Kg3 51. Bf5 e3 52. Be4 h3 53. Kf1 Kh2 54. Ke2 Kg1 55. Bf3 h2 56. Ke1 h1Q 57. Bxh1 Kxh1 58. Kf1 Kh2 59. Ke2 Kg2 60. Ke1 Kf3 61. Kf1 e2+ 62. Ke1 Bb4# 0-1

[Event "Berlin-ch Seniors op 33rd"]
[Site "Berlin"]
[Date "2017.02.06"]
[Round "6"]
[White "Paris, Gerhard"]
[Black "Olschewsky, Roman"]
[Result "0-1"]
[WhiteElo "1468"]
[BlackElo "1725"]
[PlyCount "138"]
[EventDate "2017.01.31"]
[EventType "swiss"]
[EventRounds "9"]
[EventCountry "GER"]
[SourceTitle "EXT 2019"]
[Source "ChessBase"]
[SourceDate "2018.10.10"]
[SourceVersion "1"]
[SourceVersionDate "2018.10.10"]
[SourceQuality "1"]

1. e4 d6 2. d4 g6 3. Nf3 Bg7 4. Be3 e6 5. Bd3 b6 6. 0-0 Ne7 7. Qd2 h6 8. c3 Bb7 9. Na3 Nd7 10. Nc2 Nf6 11. e5 Ng4 12. Qe2 dxe5 13. dxe5 Nxe5 14. Nxe5 Bxe5 15. Rad1 Bd6 16. Bd4 0-0 17. Bf6 Qc8 18. Qg4 Kh7 19. h4 e5 20. Qxc8 Raxc8 21. Rfe1 Nc6 22. Be4 Rce8 23. h5 Re6 24. hxg6+ fxg6 25. Bh4 Kg7 26. Bg3 Nd8 27. Bd5 Bxd5 28. Rxd5 Nf7 29. Nd4 Ree8 30. Nc6 Kf6 31. c4 a6 32. a4 g5 33. Bh2 h5 34. f3 h4 35. Kf1 Re6 36. b4 Rfe8 37. c5 Bf8 38. b5 axb5 39. axb5 Bxc5 40. Ra1 Nd6 41. Bxe5+ Rxe5 42. Nxe5 Rxe5 43. Rxe5 Kxe5 44. Rb1 Kf4 45. Rb3 Nf5 46. Rd3 Ne3+ 47. Kg1 Kg3 48. Rd7 Nxg2+ 49. Kh1 Bd6 50. Rg7 Bf4 51. Rf7 Kxf3 52. Kg1 Ne3 53. Kh1 Nd5 54. Rd7 Ne3 55. Rd3 g4 56. Kg1 Ke4 57. Rb3 Nd5 58. Rb1 h3 59. Re1+ Kf3 60. Rf1+ Kg3 61. Kh1 Nc3 62. Rg1+ Kh4 63. Rf1 Bd6 64. Rf7 Nxb5 65. Rf5 Na3 66. Rf7 b5 67. Rf5 b4 68. Ra5 b3 69. Rf5 b2 0-1

[Event "Berlin-ch Seniors op 33rd"]
[Site "Berlin"]
[Date "2017.02.03"]
[Round "4"]
[White "Olschewsky, Roman"]
[Black "Bremer, Helmut"]
[Result "1-0"]
[WhiteElo "1725"]
[BlackElo "1324"]
[PlyCount "47"]
[EventDate "2017.01.31"]
[EventType "swiss"]
[EventRounds "9"]
[EventCountry "GER"]
[SourceTitle "EXT 2019"]
[Source "ChessBase"]
[SourceDate "2018.10.10"]
[SourceVersion "1"]
[SourceVersionDate "2018.10.10"]
[SourceQuality "1"]

1. c4 e6 2. g3 f5 3. e3 b6 4. Bg2 c6 5. Ne2 Bd6 6. 0-0 Bb7 7. b3 Nh6 8. Bb2 e5 9. f4 Nf7 10. fxe5 Bc7 11. Rxf5 Qe7 12. d4 0-0 13. Nd2 Nh6 14. Rxf8+ Qxf8 15. Qc2 Bd8 16. Rf1 Qe8 17. Nf4 Bg5 18. Ne4 Qe7 19. Nd6 Ba6 20. Be4 Ng4 21. Bxh7+ Kh8 22. Ng6+ Kxh7 23. Nxe7+ Kh6 24. Qg6# 1-0

[Event "Berlin-ch Seniors op 33rd"]
[Site "Berlin"]
[Date "2017.02.02"]
[Round "3"]
[White "Lukas, Wilmar"]
[Black "Olschewsky, Roman"]
[Result "1-0"]
[WhiteElo "1921"]
[BlackElo "1725"]
[PlyCount "89"]
[EventDate "2017.01.31"]
[EventType "swiss"]
[EventRounds "9"]
[EventCountry "GER"]
[SourceTitle "EXT 2019"]
[Source "ChessBase"]
[SourceDate "2018.10.10"]
[SourceVersion "1"]
[SourceVersionDate "2018.10.10"]
[SourceQuality "1"]

1. e4 d6 2. d4 g6 3. Nc3 Bg7 4. Be3 e6 5. Qd2 Nd7 6. f4 a6 7. a4 b6 8. Nf3 Bb7 9. Be2 Ngf6 10. e5 Ng4 11. 0-0 Nxe3 12. Qxe3 0-0 13. Rfd1 Nb8 14. Ne4 d5 15. Nf2 Nc6 16. c3 Ne7 17. Bd3 Rc8 18. Qe2 a5 19. b4 c5 20. bxc5 bxc5 21. dxc5 Rxc5 22. Qb2 Qa8 23. Nd4 Bh6 24. g3 Ba6 25. Qb6 Rc4 26. Bxc4 Bxc4 27. Rab1 Kh8 28. Ng4 Bg7 29. Qc7 Nf5 30. Nxf5 gxf5 31. Ne3 Rc8 32. Qxf7 Be2 33. Rb7 Rg8 34. Rdb1 Bh5 35. Qxh5 Qa6 36. R1b5 d4 37. cxd4 Qc6 38. Qe2 Qc8 39. Kg2 Qc6+ 40. Kh3 Bf8 41. Qh5 h6 42. Qf7 Bg7 43. Rb8 Rxb8 44. Rxb8+ Kh7 45. Rg8 1-0

[Event "Berlin-ch Seniors op 32nd"]
[Site "Berlin"]
[Date "2016.01.30"]
[Round "5"]
[White "Schellknecht, Joerg"]
[Black "Olschewsky, Roman"]
[Result "1/2-1/2"]
[WhiteElo "1851"]
[BlackElo "1693"]
[PlyCount "102"]
[EventDate "2016.01.26"]
[EventType "swiss"]
[EventRounds "9"]
[EventCountry "GER"]
[SourceTitle "EXT 2019"]
[Source "ChessBase"]
[SourceDate "2018.10.10"]
[SourceVersion "1"]
[SourceVersionDate "2018.10.10"]
[SourceQuality "1"]

1. e4 d6 2. d4 g6 3. Nf3 Bg7 4. c4 Nf6 5. Nc3 0-0 6. Be2 b6 7. 0-0 Bb7 8. d5 Nbd7 9. Nd4 Nc5 10. f3 e5 11. dxe6 fxe6 12. Be3 e5 13. Nc2 Ne6 14. Qd2 Nh5 15. Nb4 Nhf4 16. Nd3 g5 17. g3 Ng6 18. Nf2 h6 19. Rad1 Nd4 20. Nd3 Qd7 21. Kg2 Bc8 22. Nf2 Qf7 23. Bxd4 exd4 24. Nb5 Ba6 25. Nxd4 Bxc4 26. Bxc4 Qxc4 27. b3 Qf7 28. Nf5 Ne5 29. Qd5 Qxd5 30. Rxd5 Rf7 31. Rd2 Kh7 32. Nd3 Nxd3 33. Rxd3 Be5 34. Rc1 Rd8 35. Rcd1 a5 36. Ne3 h5 37. Nc4 Bg7 38. Rd5 Kh6 39. e5 Rf5 40. exd6 Rxd5 41. Rxd5 cxd6 42. Nxb6 Bc3 43. Nc4 Bb4 44. Nxa5 Re8 45. Kf1 Re1+ 46. Kf2 Ra1 47. a4 Ra2+ 48. Ke3 Rxh2 49. Nb7 Rb2 50. Nxd6 Rxb3+ 51. Ke4 Kg6 1/2-1/2

[Event "Berlin-ch Seniors op 31st"]
[Site "Berlin"]
[Date "2015.02.03"]
[Round "5"]
[White "Paris, Gerhard"]
[Black "Olschewsky, Roman"]
[Result "1-0"]
[WhiteElo "1337"]
[BlackElo "1504"]
[PlyCount "147"]
[EventDate "2015.01.29"]
[EventType "swiss"]
[EventRounds "9"]
[EventCountry "GER"]
[SourceTitle "EXT 2018"]
[Source "ChessBase"]
[SourceDate "2017.10.13"]
[SourceVersion "1"]
[SourceVersionDate "2017.10.13"]
[SourceQuality "1"]

1. e4 d6 2. d4 g6 3. Bd3 Bg7 4. Nf3 Nd7 5. Be3 a6 6. Qd2 b6 7. Nc3 Bb7 8. h4 h5 9. Ng5 Nh6 10. f3 b5 11. a3 c6 12. Be2 e5 13. 0-0-0 Qe7 14. dxe5 dxe5 15. Qd6 Qxd6 16. Rxd6 0-0-0 17. Rf1 Nb8 18. Rxd8+ Rxd8 19. g4 Rd7 20. gxh5 gxh5 21. Rg1 f5 22. Ne6 f4 23. Bb6 Bh8 24. Rg6 Rh7 25. Bf1 Nd7 26. Ba5 c5 27. Bh3 Kb8 28. Bc7+ Ka7 29. Bd6 b4 30. axb4 cxb4 31. Bxb4 Bf6 32. Bc5+ Nxc5 33. Nxc5 Bxh4 34. Nxb7 Kxb7 35. Nd5 Bf2 36. Nf6 Rh8 37. Nxh5 Nf5 38. Bg4 Ne3 39. c3 Rd8 40. Rg7+ Kb6 41. Rd7 Rg8 42. Rd6+ Ka5 43. Re6 Nxg4 44. fxg4 Rg5 45. Kd1 Bh4 46. Ke2 Kb5 47. Kf3 a5 48. b3 Be1 49. c4+ Kc5 50. Nf6 Kd4 51. Rd6+ Kc3 52. Rb6 Kb2 53. c5 Rg7 54. Nd5 Ra7 55. Kg2 Rg7 56. Nf6 Bb4 57. c6 Rc7 58. Nd5 Bc5 59. Ra6 Rg7 60. Kf3 Bd6 61. Rxa5 Kxb3 62. Rb5+ Kc4 63. Rb7 Rg8 64. c7 Rh8 65. c8Q+ Rxc8 66. Nb6+ Kd4 67. Nxc8 Ba3 68. g5 Bf8 69. g6 Bh6 70. g7 Bxg7 71. Rxg7 Kc5 72. Rg5 Kd4 73. Ne7 Kc5 74. Rxe5+ 1-0

[Event "Berlin-ch Seniors op 30th"]
[Site "Berlin"]
[Date "2014.01.30"]
[Round "1"]
[White "Olschewsky, Roman"]
[Black "Grabinger, Hartmut"]
[Result "0-1"]
[WhiteElo "1561"]
[BlackElo "1897"]
[PlyCount "78"]
[EventDate "2014.01.30"]
[EventType "swiss"]
[EventRounds "9"]
[EventCountry "GER"]
[SourceTitle "EXT 2018"]
[Source "ChessBase"]
[SourceDate "2017.10.13"]
[SourceVersion "1"]
[SourceVersionDate "2017.10.13"]
[SourceQuality "1"]

1. c4 c5 2. g3 g6 3. Bg2 Bg7 4. Nc3 Nc6 5. e4 d6 6. a3 e6 7. Nge2 Nge7 8. Rf1 0-0 9. d3 Rb8 10. Rb1 a5 11. Be3 Nd4 12. Bxd4 cxd4 13. Nb5 e5 14. a4 f5 15. Qd2 Nc6 16. b3 f4 17. f3 h5 18. Rf2 Kh7 19. Kf1 Bh6 20. Qd1 fxg3 21. Nxg3 h4 22. Ne2 Be3 23. f4 Bxf2 24. Kxf2 Bg4 25. Bf3 Bxf3 26. Kxf3 Qd7 27. Qf1 Rf6 28. Qg2 Rbf8 29. Rg1 Qg7 30. f5 Qh6 31. Kf2 gxf5 32. exf5 Rxf5+ 33. Ke1 Nb4 34. Qxb7+ Kh8 35. Qe4 Nc2+ 36. Kd1 Ne3+ 37. Kc1 Nxc4+ 38. Nf4 Rxf4 39. Rg6 Rf1+ 0-1

[Event "Berlin-ch Seniors op 28th"]
[Site "Berlin"]
[Date "2012.01.27"]
[Round "1.3"]
[White "Kollberg, Lothar"]
[Black "Olschewsky, Roman"]
[Result "1-0"]
[WhiteElo "2068"]
[BlackElo "1651"]
[PlyCount "89"]
[EventDate "2012.01.27"]
[EventType "swiss"]
[EventRounds "9"]
[EventCountry "GER"]
[SourceTitle "EXT 2022"]
[Source "ChessBase"]
[SourceDate "2021.10.06"]
[SourceVersion "1"]
[SourceVersionDate "2021.10.06"]
[SourceQuality "1"]

1. d4 d6 2. c4 Nf6 3. Nc3 g6 4. g3 Bg7 5. Bg2 c6 6. Nf3 Bg4 7. h3 Bxf3 8. Bxf3 Na6 9. 0-0 0-0 10. Rb1 Nc7 11. b4 Rb8 12. Qb3 Ne6 13. Rd1 Qc8 14. d5 Nd8 15. Bg2 Nd7 16. Bg5 Re8 17. dxc6 Nxc6 18. Rbc1 Nd4 19. Qa4 a6 20. Rd2 Nb6 21. Qd1 Ne6 22. Nd5 Nxg5 23. h4 Ne6 24. Nxb6 Qd8 25. c5 Be5 26. e3 Qc7 27. Nd5 Qd8 28. a4 Nc7 29. Nxe7+ Kg7 30. cxd6 Ne6 31. Bh3 Nf8 32. Nc8 f5 33. d7 Re6 34. Bg2 Rf6 35. Rc5 Re6 36. Bd5 Bd6 37. Bxe6 Bxc5 38. Qa1+ Kh6 39. bxc5 Nxe6 40. Qe5 Rxc8 41. dxc8Q Qxc8 42. Rc2 Qd7 43. Rc4 Qf7 44. c6 Ng7 45. Qf4+ 1-0

[Event "Berlin-ch Seniors op 27th"]
[Site "Berlin"]
[Date "2011.02.02"]
[Round "5"]
[White "Grunow, Werner"]
[Black "Olschewsky, Roman"]
[Result "0-1"]
[WhiteElo "1775"]
[BlackElo "1587"]
[PlyCount "79"]
[EventDate "2011.01.29"]
[EventType "swiss"]
[EventRounds "9"]
[EventCountry "GER"]
[SourceTitle "EXT 2012"]
[Source "ChessBase"]
[SourceDate "2011.11.24"]
[SourceVersion "1"]
[SourceVersionDate "2011.11.24"]
[SourceQuality "1"]

1. d4 d6 2. e4 Nf6 3. Nc3 g6 4. Be3 Bg7 5. f3 b6 6. Bc4 e6 7. Nge2 Nc6 8. Qd2 Bb7 9. Bh6 0-0 10. 0-0-0 Na5 11. Bd3 Ne8 12. h4 Nc6 13. h5 Bxh6 14. Qxh6 Qf6 15. hxg6 Qxg6 16. Qe3 e5 17. d5 Nb4 18. Rh6 Nxd3+ 19. cxd3 Qg7 20. Rdh1 f6 21. R1h3 Kh8 22. g4 Qg5 23. Rxh7+ Kg8 24. Qxg5+ fxg5 25. Rh8+ Kf7 26. Rxf8+ Kxf8 27. Rh5 Ng7 28. Rh8+ Kf7 29. Rxa8 Bxa8 30. Nb5 a6 31. Nxc7 Bb7 32. d4 Ke7 33. dxe5 dxe5 34. Kd2 Kd6 35. Ne6 Nxe6 36. dxe6 Kxe6 37. Ke3 a5 38. b4 Ba6 39. Ng1 Bf1 40. bxa5 0-1

[Event "Berlin-ch Seniors op 27th"]
[Site "Berlin"]
[Date "2011.01.31"]
[Round "3"]
[White "Reeger, Stephan"]
[Black "Olschewsky, Roman"]
[Result "0-1"]
[WhiteElo "1318"]
[BlackElo "1587"]
[PlyCount "28"]
[EventDate "2011.01.29"]
[EventType "swiss"]
[EventRounds "9"]
[EventCountry "GER"]
[SourceTitle "EXT 2012"]
[Source "ChessBase"]
[SourceDate "2011.11.24"]
[SourceVersion "1"]
[SourceVersionDate "2011.11.24"]
[SourceQuality "1"]

1. e4 d6 2. d4 Nf6 3. Nc3 g6 4. f3 Bg7 5. Be3 b6 6. Bc4 e6 7. a3 Bb7 8. Nh3 Nfd7 9. Qd2 e5 10. Ng5 0-0 11. Bb3 exd4 12. Ne6 dxe3 13. Qxe3 fxe6 14. Bxe6+ Kh8 0-1

[Event "Berlin-ch Seniors op 27th"]
[Site "Berlin"]
[Date "2011.01.30"]
[Round "2"]
[White "Olschewsky, Roman"]
[Black "Jiranek, Benno"]
[Result "0-1"]
[WhiteElo "1587"]
[BlackElo "1263"]
[PlyCount "82"]
[EventDate "2011.01.29"]
[EventType "swiss"]
[EventRounds "9"]
[EventCountry "GER"]
[SourceTitle "EXT 2012"]
[Source "ChessBase"]
[SourceDate "2011.11.24"]
[SourceVersion "1"]
[SourceVersionDate "2011.11.24"]
[SourceQuality "1"]

1. c4 e5 2. Nc3 Nc6 3. g3 f5 4. e3 Bb4 5. Qh5+ g6 6. Qd1 Nf6 7. Bg2 0-0 8. Nge2 Rb8 9. 0-0 Bxc3 10. Nxc3 b6 11. a3 Bb7 12. b3 Ne7 13. Bb2 e4 14. d4 d5 15. Rc1 c6 16. Ne2 Rc8 17. Nf4 Qd7 18. h3 Rc7 19. Kh2 Nc8 20. Rg1 Nd6 21. c5 Nf7 22. b4 Ng5 23. a4 Rfc8 24. Kh1 Ne6 25. h4 Nxf4 26. exf4 Re8 27. Rc3 Ng4 28. Bc1 Nxf2+ 29. Kh2 Nxd1 30. Rxd1 Ba6 31. Be3 Bc4 32. Rb1 bxc5 33. bxc5 Rb7 34. Ra1 Reb8 35. Kh3 Rb3 36. Rac1 Rxc3 37. Rxc3 Qb7 38. Rc1 Qb3 39. Re1 Qc3 40. Bf2 Rb2 41. Re3 Qd2 0-1

[Event "GER-ch Seniors 22nd"]
[Site "Berlin"]
[Date "2010.08.16"]
[Round "1"]
[White "Rychlik, Kurt"]
[Black "Olschewsky, Roman"]
[Result "1-0"]
[WhiteElo "1905"]
[BlackElo "1579"]
[PlyCount "67"]
[EventDate "2010.08.16"]
[EventType "swiss"]
[EventRounds "9"]
[EventCountry "GER"]
[SourceTitle "CBM 138 Extra"]
[Source "ChessBase"]
[SourceDate "2010.10.29"]
[SourceVersion "1"]
[SourceVersionDate "2010.10.29"]
[SourceQuality "1"]

1. e4 d6 2. d4 g6 3. Be3 Bg7 4. Nd2 Nf6 5. f3 b6 6. Bc4 e6 7. Qe2 a6 8. a4 a5 9. Nh3 Ba6 10. Nf2 Nfd7 11. 0-0 c5 12. c3 0-0 13. Rad1 Qe7 14. f4 e5 15. fxe5 cxd4 16. cxd4 dxe5 17. d5 Qb4 18. Bxa6 Nxa6 19. b3 Nac5 20. Nd3 Nxd3 21. Qxd3 Rac8 22. Rc1 Rxc1 23. Rxc1 Rb8 24. Rc7 Nf6 25. d6 Ng4 26. d7 Qf8 27. Bxb6 Bh6 28. h3 Rxb6 29. Rc8 Be3+ 30. Kf1 Rf6+ 31. Nf3 Nh2+ 32. Ke2 Nxf3 33. Rxf8+ Kxf8 34. d8Q+ 1-0

[Event "Berlin-ch Seniors op 26th"]
[Site "Berlin"]
[Date "2010.02.15"]
[Round "7"]
[White "Olschewsky, Roman"]
[Black "Ebert, Lothar"]
[Result "0-1"]
[WhiteElo "1544"]
[BlackElo "1394"]
[PlyCount "58"]
[EventDate "2010.02.09"]
[EventType "swiss"]
[EventRounds "9"]
[EventCountry "GER"]
[SourceTitle "EXT 2012"]
[Source "ChessBase"]
[SourceDate "2011.11.24"]
[SourceVersion "1"]
[SourceVersionDate "2011.11.24"]
[SourceQuality "1"]

1. c4 e5 2. Nc3 Nc6 3. d3 Bb4 4. Bd2 Nge7 5. a3 Bxc3 6. Bxc3 d6 7. e4 Ng6 8. h3 0-0 9. Be2 Nf4 10. Bf3 Qg5 11. g3 Ne6 12. h4 Qe7 13. Rc1 Rb8 14. a4 Ned4 15. Bg2 Bd7 16. Bh3 f5 17. f3 Rf7 18. b4 Rbf8 19. b5 Nd8 20. Bxd4 exd4 21. Bg2 Ne6 22. Kf2 Nc5 23. Nh3 fxe4 24. Ng5 Nxd3+ 25. Kf1 Nxc1 26. Nxf7 Rxf7 27. Qxc1 exf3 28. Bh3 Bxh3+ 29. Rxh3 Qe2+ 0-1

[Event "Berlin-ch Seniors op 26th"]
[Site "Berlin"]
[Date "2010.02.14"]
[Round "6"]
[White "Krempelsetzer, Klaus"]
[Black "Olschewsky, Roman"]
[Result "1-0"]
[WhiteElo "1716"]
[BlackElo "1544"]
[PlyCount "161"]
[EventDate "2010.02.09"]
[EventType "swiss"]
[EventRounds "9"]
[EventCountry "GER"]
[SourceTitle "EXT 2012"]
[Source "ChessBase"]
[SourceDate "2011.11.24"]
[SourceVersion "1"]
[SourceVersionDate "2011.11.24"]
[SourceQuality "1"]

1. Nf3 g6 2. g3 Bg7 3. d4 d6 4. Bg2 Nd7 5. c4 Ngf6 6. Nc3 0-0 7. 0-0 Nh5 8. e4 e5 9. d5 Nb6 10. b3 f5 11. Bg5 Qe8 12. h3 h6 13. Bd2 g5 14. Nh2 Nf6 15. Rc1 fxe4 16. g4 Qg6 17. Qe2 Bd7 18. Nxe4 Be8 19. Nxf6+ Qxf6 20. Be4 Nd7 21. f3 b6 22. Rf2 a5 23. Be3 Qe7 24. Nf1 Nf6 25. Ng3 Bd7 26. Nf5 Bxf5 27. Bxf5 Ne8 28. Qd2 Bf6 29. h4 Ng7 30. Bg6 Rab8 31. Rh2 Ne8 32. Qg2 Kg7 33. Bf5 gxh4 34. Qh3 Bg5 35. Re1 Qf6 36. Bf2 Rh8 37. Bxh4 Bxh4 38. Qxh4 Qxh4 39. Rxh4 Kf6 40. Kf2 Ng7 41. Be4 Kg5 42. Kg3 Rbf8 43. Reh1 Rf4 44. R4h2 Rf6 45. Kf2 Rhf8 46. Ke3 Rh8 47. Kd2 Kf4 48. Rg2 Kg5 49. Kc2 Rb8 50. Kb2 b5 51. cxb5 Rxb5 52. Rc2 Rb7 53. Rc6 a4 54. Rhc1 Rf7 55. Ka3 axb3 56. axb3 h5 57. gxh5 Nxh5 58. Rg1+ Kf6 59. b4 Rg7 60. Rxg7 Nxg7 61. b5 Ke7 62. Ka4 Kd8 63. Ka5 Ra7+ 64. Ra6 Rxa6+ 65. bxa6 Kc8 66. Kb5 Kb8 67. Kc6 Ne8 68. a7+ Kxa7 69. Kd7 Nf6+ 70. Kxc7 Ne8+ 71. Kd7 Ng7 72. Kxd6 Kb7 73. Kxe5 Kc7 74. f4 Kd7 75. Bf5+ Kd8 76. Bg6 Ke7 77. f5 Kd7 78. f6 Ne8 79. Bxe8+ Kxe8 80. Ke6 Kd8 81. f7 1-0

[Event "Berlin-ch Seniors op 25th"]
[Site "Berlin"]
[Date "2009.02.17"]
[Round "6"]
[White "Krusemark, Gerhard"]
[Black "Olschewsky, Roman"]
[Result "1-0"]
[WhiteElo "1897"]
[BlackElo "1450"]
[PlyCount "123"]
[EventDate "2009.02.12"]
[EventType "swiss"]
[EventRounds "9"]
[EventCountry "GER"]
[SourceTitle "EXT 2022"]
[Source "ChessBase"]
[SourceDate "2021.10.06"]
[SourceVersion "1"]
[SourceVersionDate "2021.10.06"]
[SourceQuality "1"]

1. e4 d5 2. exd5 Qxd5 3. Nc3 Qe5+ 4. Be2 c6 5. d4 Qc7 6. Nf3 Bf5 7. Ne5 e6 8. g4 Bg6 9. h4 h6 10. Nxg6 fxg6 11. Qd3 Qf7 12. Be3 Nd7 13. 0-0-0 0-0-0 14. Qc4 Nb6 15. Qb3 Nf6 16. g5 Nfd5 17. Bg4 Kb8 18. Rhf1 Bd6 19. Ne4 Bf4 20. Nc5 Rhe8 21. Kb1 Nc7 22. a4 Bd6 23. Nxb7 Kxb7 24. a5 Qe7 25. axb6 axb6 26. c4 Bb4 27. c5 b5 28. Qxb4 Nd5 29. Qd2 Qc7 30. Bf3 Ne7 31. Qb4 Ra8 32. Qxb5+ Kc8 33. Qb6 Qxb6 34. cxb6 Rb8 35. Rc1 Kb7 36. Bf4 Ra8 37. Bc7 Ra5 38. Rfe1 Rea8 39. Rxe6 Ra1+ 40. Kc2 Nd5 41. Bxd5 Rxc1+ 42. Kxc1 cxd5 43. Kb1 Rf8 44. f4 hxg5 45. hxg5 Rh8 46. Rxg6 Rh1+ 47. Ka2 Ka6 48. Rxg7 Rh4 49. Be5 Kxb6 50. Rg6+ Kb5 51. Rd6 Kc4 52. g6 Rg4 53. g7 Rg2 54. Rd8 Rg6 55. g8Q Ra6+ 56. Kb1 Rh6 57. Qxd5+ Kd3 58. Qf3+ Kd2 59. Rc8 Rc6 60. Rxc6 Ke1 61. Qg2 Kd1 62. Rc1# 1-0